=LDR 00000nam 2200000 4500 =001 INLIS000000000035158 =005 20200226032322 =035 ##$$a 0010-061300000035158 =008 200226################g##########0#ind## =041 ##$$a Ind =082 ##$$a 158.1 =090 ##$$a 158.1, Ass s =100 1#$$a Assastra,Achmad =245 1#$$a Sukses Itu Berani, /$c Admad Assastra;Editor, Asri Julia =260 ##$$a Tangerang :$b PT. Panca Anugerah Sakti,$c 2008 =300 ##$$a v,112 hlm, : $b Ilus. ; $c 14 x 20 cm =650 #4$$a Psikologi - Sukses =850 ##$$a NBPNMAT =020 ##$$a 979142144-7 =084 ##$$a 158.1 ASS s =250 ##$$a cet.1 =700 #$$a Yulia, Asri =990 ##$$a 0001/BPAP-NTB/20142014 =990 ##$$a 21007507 =990 ##$$a 1201000372 =990 ##$$a 1201000372 =990 ##$$a 0001/BPAP-NTB/20142014 =990 ##$$a 21007507